=LDR 00000nam 2200000 4500 =001 INLIS000000000002514 =005 20130612090839 =008 ***********************************Ind** =035 ##$$0010-061300000002514 =041 ##$$a Ind =082 ##$$a 616.89 =090 ##$$a 616.89, Kel m =100 ##$$a Keliat, Budi Anna =245 ##$$a Marah akibat penyakit yang diderita, Budi Anna Keliat; Editor, Rianti Dhaktiyani =260 ##$$a 1991 $b Jakarta =300 ##$$a 34 hlm, 18 cm =650 ##$$a Pribadi, Kekacauan =850 ##$$a NBPNMAT